000
00314nam a2200121 4500
999
_c
9735
_d
9735
003
OSt
005
20211223184537.0
008
211223b ||||| |||| 00| 0 eng d
100
_a
Harry Butler
245
_a
The golden homes book of unique home improvements
260
_a
New York
_b
Marshall cavendish
942
_2
ddc